000 02042cam a22004094a 4500
999 _c22614
_d22614
001 14558503
005 20170124125605.0
008 060919s2007 ctua b 001 0 eng
010 _a 2006031299
015 _aGBA715989
_2bnb
016 7 _a013683148
_2Uk
020 _a9780300111064 (cloth : alk. paper)
020 _a0300111061 (cloth : alk. paper)
035 _a(OCoLC)ocm76137529
035 _a(OCoLC)76137529
040 _aDLC
_cDLC
_dBAKER
_dBTCTA
_dUKM
_dC#P
_dYDXCP
_dIXA
_dDLC
043 _acl-----
050 0 0 _aN6502
_b.S86 2007
100 1 _aSullivan, Edward J.
245 1 4 _aThe language of objects in the art of the Americas /
_cEdward J. Sullivan.
260 _aNew Haven :
_bYale University Press,
_cc2007.
300 _axxi, 314 p. :
_bill. (some col.) ;
_c29 cm.
504 _aIncludes bibliographical references (p. 271-304) and index.
505 0 _aWondrous objects -- Objects of desire and possession -- Naturalezas vivas -- Naturalezas muertas -- Objects of modernity -- Objects of anxiety -- The object reconfigured.
650 0 _aArt, Latin American.
650 0 _aArt
_xEconomic aspects
_zLatin America.
650 0 _aArt and society
_zLatin America.
650 0 _aHispanic American art
_xEconomic aspects.
650 0 _aHispanic American art
_xSocial aspects.
856 4 1 _3Table of contents only
_uhttp://www.loc.gov/catdir/toc/ecip071/2006031299.html
856 4 2 _3Contributor biographical information
_uhttp://www.loc.gov/catdir/enhancements/fy0812/2006031299-b.html
856 4 2 _3Publisher description
_uhttp://www.loc.gov/catdir/enhancements/fy0812/2006031299-d.html
942 _2lcc
_cBOOKS
_hN6502 .S86 2007